000 00361nam a22001337a 4500
008 180813b xxu||||| |||| 00| 0 eng d
020 _a9780205883110
041 _aeng
080 _210th
_a37
100 _a25
101 _aEDU
245 _aStrategies for successful writing a rhetoric, research guide, reader, and handbook
_cReinking,J.A
942 _2udc
_cBK
999 _c47047
_d47047